Kilinochiyile salabhangal (കിളിനോച്ചിയിലെ ശലഭങ്ങൾ) (Record no. 115787)

MARC details
000 -LEADER
fixed length control field 00303 a2200109 4500
020 ## - INTERNATIONAL STANDARD BOOK NUMBER
International Standard Book Number 9789359629117
100 ## - MAIN ENTRY--PERSONAL NAME
Personal name Sheela Tomy
245 ## - TITLE STATEMENT
Title Kilinochiyile salabhangal (കിളിനോച്ചിയിലെ ശലഭങ്ങൾ)
250 ## - EDITION STATEMENT
Edition statement 2nd
260 ## - PUBLICATION, DISTRIBUTION, ETC. (IMPRINT)
Name of publisher, distributor, etc Mathrubhumi books
Date of publication, distribution, etc 2025
942 ## - ADDED ENTRY ELEMENTS (KOHA)
Koha item type On order/under processing
Holdings
Withdrawn status Lost status Damaged status Not for loan Home library Current library Date acquired Source of acquisition Cost, normal purchase price Total Checkouts Barcode Date last seen Cost, replacement price Price effective from Koha item type
        University Library University Library 12/03/2026 269 100.01   00097869 12/03/2026 150.00 12/03/2026 On order/under processing
University Library, CUSAT